000 00736cam a2200181 4500
001 ABS62388
008 000000n2000 000 0 eng u
035 _a(Sirsi) u106260
245 _aFBT lifeline fuels dramatic tenancy gain
260 _c2000
490 _aRural Practice Bulletin
_vMarch/April 2000, 8(1)
520 _aReviews the 1999 CAAV tenanted farm survey. Net lettings totalled 61,000 acres, more than for the previous two years together; and only 16,000 acres was lost to the tenanted sector. New entrants and contract farming was covered for the first time in the survey. Details, graph
590 _aABS
650 _aCAAV TENANTED FARM SURVEY
650 _aTENANTED FARMS
690 _aRURAL-MARKET
942 _n0
999 _c63638
_d63638